Ecological aspects of social evolution : (Record no. 18400)

MARC details
000 -LEADER
fixed length control field 01203cam a2200349 a 4500
001 - CONTROL NUMBER
control field 2404975
003 - CONTROL NUMBER IDENTIFIER
control field OSt
005 - DATE AND TIME OF LATEST TRANSACTION
control field 20211116094411.0
008 - FIXED-LENGTH DATA ELEMENTS--GENERAL INFORMATION
fixed length control field 860418s1986 njua b 001 0 eng
010 ## - LIBRARY OF CONGRESS CONTROL NUMBER
LC control number 86009371
020 ## - INTERNATIONAL STANDARD BOOK NUMBER
International Standard Book Number 0691084394 (alk. paper) :
Terms of availability $65.00
020 ## - INTERNATIONAL STANDARD BOOK NUMBER
International Standard Book Number 0691084408 (pbk.) :
Terms of availability $23.50
040 ## - CATALOGING SOURCE
Original cataloging agency DLC
Transcribing agency HU
Modifying agency DLC
050 00 - LIBRARY OF CONGRESS CALL NUMBER
Classification number QL739.3
Item number .E24 1986
082 00 - DEWEY DECIMAL CLASSIFICATION NUMBER
Classification number 599/.051
Edition number 19
245 00 - TITLE STATEMENT
Title Ecological aspects of social evolution :
Remainder of title birds and mammals /
Statement of responsibility, etc. edited by Daniel I. Rubenstein and Richard W. Wrangham.
260 ## - PUBLICATION, DISTRIBUTION, ETC.
Place of publication, distribution, etc. Princeton, N.J. :
Name of publisher, distributor, etc. Princeton University Press,
Date of publication, distribution, etc. c1986.
300 ## - PHYSICAL DESCRIPTION
Extent x, 551 p. :
Other physical details ill. ;
Dimensions 25 cm.
500 ## - GENERAL NOTE
General note Includes index.
504 ## - BIBLIOGRAPHY, ETC. NOTE
Bibliography, etc. note Bibliography: p. 475-527.
650 #0 - SUBJECT ADDED ENTRY--TOPICAL TERM
Topical term or geographic name entry element Mammals
General subdivision Behavior.
9 (RLIN) 18548
650 #0 - SUBJECT ADDED ENTRY--TOPICAL TERM
Topical term or geographic name entry element Mammals
General subdivision Ecology.
9 (RLIN) 18549
650 #0 - SUBJECT ADDED ENTRY--TOPICAL TERM
Topical term or geographic name entry element Mammals
General subdivision Evolution.
9 (RLIN) 18550
650 #0 - SUBJECT ADDED ENTRY--TOPICAL TERM
Topical term or geographic name entry element Birds
General subdivision Behavior.
9 (RLIN) 18551
650 #0 - SUBJECT ADDED ENTRY--TOPICAL TERM
Topical term or geographic name entry element Birds
General subdivision Ecology.
9 (RLIN) 16305
650 #0 - SUBJECT ADDED ENTRY--TOPICAL TERM
Topical term or geographic name entry element Birds
General subdivision Evolution.
9 (RLIN) 16303
650 #0 - SUBJECT ADDED ENTRY--TOPICAL TERM
Topical term or geographic name entry element Social evolution in animals.
9 (RLIN) 18552
700 1# - ADDED ENTRY--PERSONAL NAME
Personal name Rubenstein, Daniel I.,
Dates associated with a name 1950-
9 (RLIN) 18553
700 1# - ADDED ENTRY--PERSONAL NAME
Personal name Wrangham, Richard W.,
Dates associated with a name 1948-
9 (RLIN) 18554
906 ## - LOCAL DATA ELEMENT F, LDF (RLIN)
a 7
b cbc
c orignew
d 1
e ocip
f 19
g y-gencatlg
942 ## - ADDED ENTRY ELEMENTS (KOHA)
Source of classification or shelving scheme Dewey Decimal Classification
Koha item type Books like text book referance book
Suppress in OPAC No
Holdings
Withdrawn status Lost status Source of classification or shelving scheme Damaged status Not for loan Collection code Home library Current library Shelving location Date acquired Total Checkouts Full call number Barcode Date last seen Copy number Price effective from Koha item type
    Dewey Decimal Classification     Non-fiction Wondo Genet Library Wondo Genet Library General Stacks 11/16/2021   599/.051 ECO 1986 WGCFNRL00006080 11/16/2021 1 11/16/2021 Books like text book referance book